000 04201cgm a2200877Ia 4500
001 ocm70685055
003 OCoLC
005 20200320184427.0
007 vd cvaizq
008 060724p20061999cau095 g vleng d
020 _a141982791X
020 _a9781419827914
020 _c14.95
024 1 _a012569765832
028 4 1 _a76583
_bWarner Home Video
035 _a(OCoLC)70685055
040 _aTEFMT
_beng
_cTEFMT
_dTEF
_dBTCTA
_dOCLCQ
_dCUV
_dWIQ
_dIK6
_dOCLCQ
_dWACOL
041 1 _aeng
_afre
_jeng
_jfre
_heng
043 _an-us-ms
049 _aWACL
050 1 4 _aPN1995.9.A5
_bM9 2006
082 0 4 _a791.43/72
_222
092 _aDVD
_bMy
245 0 0 _aMy dog Skip
_h[videorecording] /
_cAlcon Entertainment presents a Mark Johnson/John Lee Hancock production ; produced by Mark Johnson & John Lee Hancock and Broderick Johnson & Andrew A. Kosove ; screenplay by Gail Gilchriest ; directed by Jay Russell.
260 _aBurbank, CA :
_bWarner Home Video,
_c[2006]
300 _a1 videodisc (ca. 95 min.) :
_bsd., col. ;
_c4 3/4 in.
538 _aDVD, region 1; Dolby digital surround 5.1; fullscreen, side A; widescreen, side B.
546 _aEnglish or dubbed French dialogue, English or French subtitles. Closed-captioned.
511 1 _aFrankie Muniz, Diane Lane, Luke Wilson, Kevin Bacon.
508 _aDirector of photography, James L. Carter ; editors, Harvey Rosenstock, Gary Winter ; music, William Ross ; production designer, David J. Bomba.
500 _aBased upon the book by Willie Morris.
500 _aOriginally released as a motion picture in 1999.
521 8 _aMPAA rating: PG; some violent content and mild language.
520 _aSet in Mississippi in the late 1940s and based on Willie Morris' boyhood memoirs. Eight-year-old Willie loses his only friend in the world to the draft until his mother gives him a puppy for his birthday.
500 _aSpecial features: Additional scenes; Frankie Muniz and animal trainer Mathilde de Cagney commentary; Director Jay Russell commentary; Willie Morris biography; Theatrical trailer.
586 8 _aYoung Artist Awards, 2001: Young Artist Award - Best Ensemble in a Feature Film (Frankie Muniz, Cody Linley, Bradley Coryell, Daylan Honeycutt, Caitlin Wachs) ; Best Family Feature Film - Drama.
600 1 0 _aMorris, Willie
_vJuvenile drama.
_95859155
650 0 _aBashfulness in children
_vJuvenile drama.
_95859156
650 0 _aDogs
_zMississippi
_vJuvenile drama.
_95859157
650 0 _aHuman-animal relationships
_zMississippi
_vJuvenile drama.
_95859158
650 0 _aCity and town life
_zMississippi
_vJuvenile drama.
_95859159
651 0 _aMississippi
_vJuvenile drama.
_95859160
655 0 _aFeature films.
_95859161
655 0 _aFiction films.
_95674705
655 0 _aChildren's films.
_95859162
655 0 _aVideo recordings for the hearing impaired.
_95859163
655 0 _aAnimal films.
_95696821
655 0 _aDVD-Video discs.
_95673658
655 7 _aAnimal
_vFeature.
_2migfg
_95710557
655 7 _aChildren's
_vFeature.
_2migfg
_95710558
655 7 _aFamily
_vFeature.
_2migfg
_95706541
655 7 _aFeature films.
_2gsafd
_95859161
655 7 _aChildren's films.
_2gsafd
_95859162
700 1 _aJohnson, Mark,
_d1945 Dec. 27-
_95859164
700 1 _aHancock, John Lee.
_940744
700 1 _aJohnson, Broderick.
_968870
700 1 _aKosove, Andrew A.
_968869
700 1 _aGilchriest, Gail.
_95859165
700 1 _aRussell, Jay,
_d1960-
_968687
700 1 _aMuniz, Frankie,
_d1985-
_949313
700 1 _aLane, Diane.
_923762
700 1 _aWilson, Luke,
_d1971-
_965619
700 1 _aBacon, Kevin,
_d1958-
_930628
700 1 _aCarter, James L.
_93250
700 1 _aRosenstock, Harvey.
_960301
700 1 _aWinter, Gary.
_95859166
700 1 _aRoss, William,
_d1948-
_966604
700 1 _aMorris, Willie.
_91639
710 2 _aAlcon Entertainment (Firm)
_968902
710 2 _aWarner Home Video (Firm)
_961103
938 _aBaker and Taylor
_bBTCP
_nbe2006016417
942 _cDVD
_086
948 _a08/11/2010
_b08/11/2010
_zSirsi
994 _a02
_bWACOL
996 _a79063
_b34301000959355
_cDVD
_dDVD
_ewcl
_fi
_g86
_h8.00
_lAmazon.com
_mMy
_p08/13/2010
_q03/13/2020
_r03/04/2020
999 _c273348
_d273348